000
00317 a2200157 4500
001
180129
020
_a
040
_c
Magnum
100
_a
Siguemoto, Regina
240
1
0
_a
A bruxinha katita
_l
por
245
1
0
_a
A bruxinha katita
300
_a
16
440
1
_a
FTD
697
_a
LITERATURA INFANTO
942
_c
BK
999
_c
180129
_d
180129